Countries that have the same latitude as the UK - Statistics

General Stats
  • This quiz has been taken 29 times
    9 since last reset
  • The average score is 19 of 22
Answer Stats
Letter Answer % Correct
C Canada
100%
D Denmark
100%
F France
100%
I Ireland
100%
N Netherlands
100%
N Norway
100%
P Poland
100%
R Russia
100%
S Sweden
100%
B Belgium
86%
C China
86%
E Estonia
86%
G Germany
86%
L Latvia
86%
U Ukraine
86%
U USA
86%
B Belarus
71%
C Czechia
71%
K Kazakhstan
71%
L Lithuania
71%
M Mongolia
71%
L Luxembourg
57%
No matching quizzes found
Score Distribution
Percent of People with Each Score
Percentile by Number Answered
Your Score History
You have not taken this quiz since the last reset